00373nam a2200157Ia 45000010006000000050017000060080041000230410008000640820017000721000018000892450052001072600009001593000033001686500006002016540008002072283320260414150857.0260414t2015||||xx |||||||||||||| ||spa|| aESP a624.151bH21 aHan, JieeAUT 0aPrinciples and practice of ground improvementb c2015 axiv, 418 páginas :c28 cm. a0 aCIC